Presentación de sí. Ethos e identidad verbal.
Saved in:
| Hovedforfatter: | |
|---|---|
| Andre forfattere: | , |
| Format: | Ukendt |
| Sprog: | engelsk |
| Udgivet: |
Ciudad Autónoma de Buenos Aires, Argentina:
Prometeo Libros,
2018
|
| Udgivelse: | 1a.ed. |
| Fag: | |
| Tags: |
Tilføj Tag
Ingen Tags, Vær først til at tagge denne postø!
|
MARC
| LEADER | 00000 a2200000 4500 | ||
|---|---|---|---|
| 003 | CL-VaPUC | ||
| 005 | 20231128114036.0 | ||
| 008 | 220120b2018 ||||| |||| 00| 0 eng d | ||
| 999 | |c 433953 |d 433951 | ||
| 020 | |a 978-9875749085 | ||
| 040 | |c Pontificia Universidad Católica de Valparaíso | ||
| 082 | |a 320.01 AMO 2018 | ||
| 100 | |a Amossy, Ruth |e autora |9 485992 | ||
| 245 | |a Presentación de sí. |b Ethos e identidad verbal. | ||
| 250 | |a 1a.ed. | ||
| 260 | |a Ciudad Autónoma de Buenos Aires, Argentina: |b Prometeo Libros, |c 2018 | ||
| 300 | |a 220 páginas | ||
| 583 | |k Cristina María Rojas Aguilar |c 20220120 | ||
| 650 | 0 | |a Teoría política |9 295219 | |
| 650 | 0 | |a Análisis del discurso |9 256696 | |
| 650 | 0 | |a Identidad social |9 467460 | |
| 700 | |a Salerno, Paula |e traducción |9 865912 | ||
| 700 | |a Montero, Ana Soledad |e revisión e introducción |9 865913 | ||
| 942 | |2 ddc |c BK | ||
| 952 | |0 0 |1 0 |2 ddc |4 0 |6 320_010000000000000_AMO_2018 |7 0 |8 A |9 580467 |a BIBEDU |b BIBEDU |c GEN |d 2022-01-12 |e 3 |g 13303.00 |i 5637376 |o 320.01 AMO 2018 |p 5637376 |r 2022-01-12 |t 1 |v 13303.00 |w 2022-01-12 |y BK |k LIT | ||